| 000 | 01375nam a2200241 a 4500 | ||
|---|---|---|---|
| 999 |
_c746 _d746 |
||
| 003 | AR-BaISA | ||
| 005 | 20231201152445.0 | ||
| 007 | ta | ||
| 008 | 190523s2021 ag ad||| |||| 001 0 spa d | ||
| 020 | _a9789500211451 | ||
| 040 |
_cAR-BaISA _bspa |
||
| 082 | 0 | 4 |
_222 _a613.7 On9f |
| 100 | 1 |
_91456 _aOnzari, Marcia _eaut. |
|
| 245 | 1 | 0 |
_aFundamentos de nutrición en el deporte / _cMarcia Onzari |
| 250 | _a3ª ed. | ||
| 260 |
_aBuenos Aires: _bEl Ateneo, _c2021 |
||
| 300 |
_a414 p.: _bil., graf. |
||
| 504 | _aBibliografía al final de cada capítulo | ||
| 504 | _aÍndice p: [410]-414 | ||
| 505 |
_tMarcia Onzari / Introducción a la nutrición deportiva -- _tMarcia Onzari / Fisiología del ejercicio -- _tMarcia Onzari / Digestión, absorción y metabolismo de nutrientes -- _tMarcia Onzari / Evaluación nutricional -- _tOriana Napoli / Evaluación cineantropométrica -- _tMarcia Onzari / Determinación del valor calórico total -- _tMarcia Onzari / Nutrientes energéticos y micronutrientes en el plan de alimentación del deportista -- _tMarcia Onzari / Hidratación y deporte -- _tMarcia Onzari / Ayudas ergogénicas nutricionales -- _tMarcia Onzari / Orientación nutricional para deportes específicos -- _tViviana Langer y Claudia Fraga / Educación alimentaria nutricional en el ámbito deportivo |
||
| 650 | 1 | 0 |
_93252 _aNutrición deportiva |
| 942 |
_2ddc _cLI |
||